000 02128nam0a2200361 4500
001 RU\NLR\bibl\789793
005 20260405113439.0
021 _aRU
_b2004-77803
_93839
035 _aRSL-KNO-002511998
035 _a(NLR Aleph) 000779047
090 _a1050412
_c1050412
100 _a20041215d2004 |||y0rusy50 ca
101 0 _arus
102 _aRU
105 _aa |||||||||
106 _ar
200 1 _aОсновы стратегического планирования социально-экономического развития
_eучеб.-метод. пособие
_e[для студентов заоч. отд-ния всех спец. по направлению 521600 "Экономика", изучающих курс "Стратегическое планирование"]
_fН.Н. Ренкас, П.В. Никифоров
_gФедер. агентство по образованию, Новгор. гос. ун-т им. Ярослава Мудрого
210 _aВелик. Новгород
_cНовгор. гос. ун-т
_d2004
_gИн-т экономики и управления
215 _a111 с.
_cил.
_d21
320 _aБиблиогр.: с. 111 (11 назв.)
606 1 _aСтратегическое планирование
_jУчебно-методические пособия
_92086911
_3RU\NLR\auth\661263057
610 0 _aЭкономика -- Российская Федерация -- Планирование -- Методы планирование -- Учебно-методическое пособие для высшей школы
610 0 _aстратегическое планирование
686 _aУ9(2)230.3я73-14
_2rubbk
686 _aУ23(2)2я73
700 1 _aРенкас
_bН. Н.
_gНиколай Николаевич
_4070
701 1 _4070
_8rus
_7ca
_aНикифоров
_bП. В.
_cд-р экон. наук
_f1940-
_gПавел Васильевич
_3RU\NLR\auth\7744144
_927086
801 0 _aRU
_bRuMoRKP
_c20041215
_grcr
801 1 _aRU
_bRuMoRGB
_c20041215
801 2 _aRU
_bNLR
_c20050419
_gPSBO
942 _cBOOK
980 _aNB